Estadísticas para Idiomas de Wikipedia

Haz click aquí para intentar la prueba.

Estadísticas generales

  • Esta prueba ha sido intentada 2.120 veces
  • La puntuación promedio es 42 de 80

Estadísticas de respuestas

UsuariosIdioma% Correcto
1,09 M
Inglés simple
100%
6,21 MEspañol
100%
41,5 MInglés
100%
3,08 M
Chino
98%
4,09 M
Francés
98%
3,70 M
Alemán
96%
2,12 M
Italiano
93%
1,78 M
Japonés
93%
2,97 M
Ruso
93%
2,07 M
Árabe
91%
153 k
Árabe egipcio
91%
2,58 M
Portugués
91%
88,3 k
Chino clásico
89%
774 k
Sueco
84%
679 k
Coreano
82%
330 k
Griego
80%
112 k
Noruego (Nynorsk)
80%
522 k
Noruego
79%
1,14 M
Neerlandés
76%
1,10 M
Polaco
75%
1,30 M
Turco
74%
552 k
Rumano
72%
386 k
Catalán
71%
557 k
Ucraniano
71%
403 k
Danés
68%
254 k
Croata
67%
284 k
Serbio
67%
288 k
Búlgaro
66%
474 kHúngaro
66%
401 k
Tailandés
64%
536 k
Checo
62%
202 k
Eslovaco
61%
800 k
Vietnamita
60%
98,2 kLetón
60%
153 k
Lituano
58%
625 kHindi
58%
123 k
Euskera/Vasco
57%
200 k
Esloveno
56%
152 k
Estonio
56%
70,5 kMongol
56%
116 kGallego
55%
79,0 k
Islandés
54%
817 k
Hebreo
52%
106 k
Bielorruso
51%
69,1 k
Bielorruso (Taraškievica)
51%
479 k
Finés
51%
133 kBosnio
50%
1,25 M
Indonesio
49%
132 k
Albanés
44%
143 k
Latín
44%
1,03 M
Persa
44%
94,6 kMacedonio
44%
110 k
Armenio
43%
274 k
Malayo
42%
108 k
Kazajo
40%
135 k
Afrikáans
36%
130 k
Georgiano
35%
329 k
Bengalí
31%
129 kUrdu
31%
217 k
Cantonés
28%
62,0 kUzbeko
27%
83,3 k
Escocés
26%
66,5 k
Galés
26%
113 kTagalo
26%
91,6 kBirmano
24%
183 k
Esperanto
21%
189 kTamil
21%
86,9 k
Asturiano
19%
223 k
Azerí
18%
63,6 k
Bretón
14%
161 k
Serbocroata
9%
133 k
Maratí
8%
105 k
Télugu
8%
78,5 k
Cebuano
7%
62,3 k
Guyaratí
6%
71,5 kChino Wu
5%
68,7 k
Canarés
5%
83,4 k
Alemánico
4%
112 k
Anglosajón
4%
149 k
Malabar
4%

Distribución de puntuación

Porcentaje por número respondido

Porcentaje de gente con cada puntuación

Historial de tus puntuaciones

No has intentado esta prueba.